000
00279nam a22001217a 4500
020
_a
0-7214-1947-X
082
_a
823
_b
DYR/G
100
_a
DYRBYE, HELEN
245
_a
GRANDAD GETS TO BABYSIT
260
_a
ENGLAND
_b
LADY BIRD
650
_a
ENGLISH SHORT STORY
_z
ENGLAND
942
_c
BK
999
_c
2369
_d
2369